Vista normal
Vista MARC
Entrada Término temático
Número de registros utilizados en: 1
001 - CONTROL NUMBER
- control field: 96917
003 - CONTROL NUMBER IDENTIFIER
- control field: OSt
005 - DATE AND TIME OF LATEST TRANSACTION
- control field: 20201025135621.0
008 - FIXED-LENGTH DATA ELEMENTS
- fixed length control field: 201025|| aca||aabn | a|a d
040 ## - CATALOGING SOURCE
- Original cataloging agency: OSt
- Transcribing agency: OSt
150 ## - HEADING--TOPICAL TERM
- Topical term or geographic name entry element: TESIS Y DISERTACIONES ACADÉMICAS
670 ## - SOURCE DATA FOUND
- Source citation: Work cat.: (OSt): Diseño del banco de proyectos revisión de indicadores de gestión y actualización tarifarias de algunos productos y servisios del SISE

